| 000 | 00495nam a2200205Ia 4500 | ||
|---|---|---|---|
| 005 | 20240823015012.0 | ||
| 008 | 240823s9999||||xx |||||||||||||| ||und|| | ||
| 020 | _a81-203-2146-4 | ||
| 041 | _aENGLISH | ||
| 082 | _A574.5222 P4 | ||
| 100 | _a"Spiro,Thomas G" | ||
| 245 | 0 | _aChemistry of the Environment | |
| 250 | _a2nd | ||
| 260 |
_c2004 _b"PHI,New D" |
||
| 500 | _aTRANSFERED | ||
| 650 |
_aChemistry _bChemistry |
||
| 700 | _a" Stigliani,William M" | ||
| 942 | _cBK | ||
| 999 |
_c171410 _d171410 |
||